| 000 | 00553nam a2200205Ia 4500 | ||
|---|---|---|---|
| 005 | 20260429112106.0 | ||
| 008 | 260429s9999||||xx |||||||||||||| ||und|| | ||
| 020 | _a9789819992546 | ||
| 041 | _aEnglish | ||
| 082 |
_a512.7 _bMPR |
||
| 100 | _aMprishita, Masanori | ||
| 245 | 0 |
_aKnots and primes : _ban introduction to arithmetic topology / _cMasanori Mprishita |
|
| 250 | _a2nd ed. | ||
| 260 |
_aSwitzerland : _bSpringer, _c2024. |
||
| 300 | _axv, 259 p.; pbk | ||
| 650 | _a Number rings | ||
| 650 | _a Primes | ||
| 650 | _aKnots | ||
| 942 | _cTB | ||
| 999 |
_c52311 _d52311 |
||